[Event "Rodovre-ch B"]
[Site "Rodovre"]
[Date "2007.09.06"]
[Round "1"]
[White "Rohder, Bjarne"]
[Black "Hansen, Ernst Mader"]
[Result "0-1"]
[WhiteElo "1405"]
[BlackElo "1424"]
[PlyCount "98"]
[EventDate "2007.09.04"]
[EventType "tourn"]
[EventRounds "7"]
[EventCountry "DEN"]
[SourceTitle "EXT 2023"]
[Source "ChessBase"]
[SourceDate "2022.10.05"]
[SourceVersion "1"]
[SourceVersionDate "2022.10.05"]
[SourceQuality "1"]

1. e4 d5 2. exd5 Qxd5 3. Qf3 Nf6 4. Nc3 Qa5 5. Bc4 c6 6. Ne4 Nbd7 7. a3 Ne5 8. Nxf6+ gxf6 9. Qe2 Nxc4 10. Qxc4 Be6 11. Qf4 Qe5+ 12. Ne2 Rg8 13. d4 Qxf4 14. Nxf4 0-0-0 15. Be3 Bd5 16. 0-0-0 Kb8 17. Rhg1 e6 18. f3 Be7 19. Nxd5 cxd5 20. g3 e5 21. Rgf1 Rg6 22. f4 e4 23. f5 Rg4 24. h3 Rgg8 25. g4 b6 26. Kb1 Kb7 27. b4 Rc8 28. Kb2 Rc4 29. c3 Rgc8 30. Rc1 a5 31. h4 b5 32. g5 a4 33. h5 Rg8 34. g6 fxg6 35. fxg6 hxg6 36. h6 f5 37. h7 Rh8 38. Rh1 g5 39. Rcg1 f4 40. Bxf4 gxf4 41. Rg7 Rc7 42. Rg8 Rc8 43. Rg7 Rce8 44. Rh5 Kc6 45. Rh6+ Bd6 46. Rhg6 e3 47. Rg8 e2 48. Rxe8 Rxe8 49. Re6 Rh8 0-1

[Event "Rodovre-ch C"]
[Site "Rodovre"]
[Date "2006.09.12"]
[Round "2"]
[White "Hansen, Ernst Mader"]
[Black "Pedersen, Morten Lemvig"]
[Result "1-0"]
[WhiteElo "1438"]
[BlackElo "1480"]
[PlyCount "89"]
[EventDate "2006.09.05"]
[EventType "tourn"]
[EventRounds "7"]
[EventCountry "DEN"]
[SourceTitle "EXT 2023"]
[Source "ChessBase"]
[SourceDate "2022.10.05"]
[SourceVersion "1"]
[SourceVersionDate "2022.10.05"]
[SourceQuality "1"]

1. e4 e6 2. c4 d5 3. cxd5 exd5 4. exd5 Qxd5 5. Nc3 Qe6+ 6. Be2 Nf6 7. Nf3 Bd6 8. 0-0 0-0 9. d4 h6 10. Re1 Qe7 11. Bc4 Qd8 12. Qb3 Nc6 13. Ne5 Bxe5 14. dxe5 Nd4 15. Qd1 Nh7 16. Be3 Be6 17. Bxe6 Nxe6 18. Qb3 b6 19. f4 Re8 20. Rad1 Qc8 21. Nd5 c6 22. Nc3 Rd8 23. Ne4 Nc7 24. Nd6 Qe6 25. Qc2 c5 26. b3 Rd7 27. Bc1 Rad8 28. Qf2 f6 29. f5 Qe7 30. Qf4 fxe5 31. Qc4+ Kf8 32. f6 Nxf6 33. Nf5 Qe6 34. Rxd7 Rxd7 35. Qc2 Ncd5 36. Rf1 Nb4 37. Qe2 Nd3 38. Bd2 Kg8 39. h3 Rd8 40. Rf3 Qd7 41. Nxh6+ gxh6 42. Rxf6 Qg7 43. Rxh6 Nf4 44. Bxf4 exf4 45. Qe6+ 1-0

[Event "Rodovre-ch B"]
[Site "Rodovre"]
[Date "2005.09.20"]
[Round "3"]
[White "Hansen, Ernst Mader"]
[Black "Henriksen, Franz"]
[Result "0-1"]
[WhiteElo "1508"]
[BlackElo "1500"]
[PlyCount "92"]
[EventDate "2005.09.06"]
[EventType "tourn"]
[EventRounds "7"]
[EventCountry "DEN"]
[SourceTitle "EXT 2023"]
[Source "ChessBase"]
[SourceDate "2022.10.05"]
[SourceVersion "1"]
[SourceVersionDate "2022.10.05"]
[SourceQuality "1"]

1. e4 d5 2. e5 Nc6 3. d4 Bf5 4. Nf3 e6 5. Bb5 Nge7 6. 0-0 h6 7. c3 a6 8. Ba4 b5 9. Bc2 Bxc2 10. Qxc2 Na5 11. b3 Nf5 12. Rd1 Rc8 13. Qe2 c5 14. Ba3 b4 15. Bb2 c4 16. cxb4 Bxb4 17. bxc4 Nxc4 18. Bc3 a5 19. Bxb4 axb4 20. Nbd2 0-0 21. Nb3 Qb6 22. h3 Rc7 23. g4 Ne7 24. Kg2 g5 25. h4 Ng6 26. Kg3 gxh4+ 27. Nxh4 Nxh4 28. Kxh4 f5 29. Nc5 Rg7 30. Rg1 Qd8+ 31. Kh3 Qe8 32. gxf5 Rxf5 33. Rxg7+ Kxg7 34. Rg1+ Kh7 35. Kg2 Qf7 36. Kf1 Rf4 37. Qc2+ Re4 38. Nxe4 Ne3+ 39. Ke2 Nxc2 40. Nf6+ Kh8 41. Kd3 Na3 42. Kd2 Nb5 43. Kd3 Nc3 44. Kc2 Nxa2 45. Kb3 Nc3 46. Kxb4 Ne4 0-1

[Event "Rodovre-ch B"]
[Site "Rodovre"]
[Date "2004.09.21"]
[Round "4"]
[White "Hansen, Ernst Mader"]
[Black "Johansen, Erik"]
[Result "0-1"]
[WhiteElo "1517"]
[BlackElo "1493"]
[PlyCount "80"]
[EventDate "2004.08.31"]
[EventType "tourn"]
[EventRounds "7"]
[EventCountry "DEN"]
[SourceTitle "EXT 2023"]
[Source "ChessBase"]
[SourceDate "2022.10.05"]
[SourceVersion "1"]
[SourceVersionDate "2022.10.05"]
[SourceQuality "1"]

1. e4 c5 2. Nf3 Nc6 3. d4 cxd4 4. Nxd4 d6 5. Be2 g6 6. 0-0 Bg7 7. Nxc6 bxc6 8. Kh1 Nf6 9. e5 dxe5 10. Qxd8+ Kxd8 11. Rd1+ Kc7 12. Bd2 a5 13. Na3 Nd5 14. Nc4 a4 15. Ba5+ Kb7 16. Be1 Bf5 17. Na3 Rhd8 18. g4 Be6 19. f3 Ne3 20. Rd3 Rxd3 21. cxd3 Bd5 22. Bc3 Nxg4 23. Kg1 Ne3 24. Kf2 Nf5 25. Nc4 Bxc4 26. dxc4 Nd4 27. Bd1 c5 28. Rb1 Bh6 29. f4 Bxf4 30. Bxd4 cxd4 31. Bf3+ Kb8 32. Bxa8 Kxa8 33. b4 Bd2 34. b5 d3 35. c5 e4 36. h3 e3+ 37. Kf1 e2+ 38. Kf2 Kb7 39. a3 e5 40. h4 e4 0-1

[Event "Rodovre-ch B"]
[Site "Rodovre"]
[Date "2004.09.14"]
[Round "3"]
[White "Hansen, Ernst Mader"]
[Black "Hovhannes, Tutundjan"]
[Result "1/2-1/2"]
[WhiteElo "1517"]
[BlackElo "1582"]
[PlyCount "72"]
[EventDate "2004.08.31"]
[EventType "tourn"]
[EventRounds "7"]
[EventCountry "DEN"]
[SourceTitle "EXT 2023"]
[Source "ChessBase"]
[SourceDate "2022.10.05"]
[SourceVersion "1"]
[SourceVersionDate "2022.10.05"]
[SourceQuality "1"]

1. e4 e5 2. Nf3 Nf6 3. Bc4 Nxe4 4. 0-0 d6 5. d4 f6 6. dxe5 fxe5 7. Qd5 Qd7 8. Qxe4 h6 9. Qg6+ Kd8 10. Rd1 Qf5 11. Qxf5 Bxf5 12. Nxe5 Ke7 13. Nd3 Nc6 14. Re1+ Kf6 15. Nc3 Nd4 16. Nd5+ Kg6 17. Bb3 Nxb3 18. axb3 c6 19. N5f4+ Kf7 20. Be3 g5 21. Nh5 c5 22. f4 Kg6 23. Ng3 Bd7 24. Rf1 Be7 25. f5+ Kf7 26. f6 Bd8 27. Bd2 b5 28. Rae1 Bc6 29. Ne4 Bb6 30. Nxd6+ Kf8 31. c4 Rd8 32. Ne5 Rxd6 33. Nxc6 Rxd2 34. f7 Kg7 35. Re8 Rf8 36. Ne7 Rd8 1/2-1/2